[Event "Tarija op"]
[Site "Tarija"]
[Date "2023.04.07"]
[Round "4"]
[White "Monroy Garzon, Nataly Alejandra"]
[Black "Montevilla Cahuasa, Elias Alejandro"]
[Result "1-0"]
[WhiteElo "1903"]
[BlackElo "1501"]
[PlyCount "95"]
[EventDate "2023.04.06"]
[EventType "swiss"]
[EventRounds "7"]
[EventCountry "BOL"]
[SourceTitle "EXT 2024"]
[Source "ChessBase"]
[SourceDate "2023.10.10"]
[SourceVersion "1"]
[SourceVersionDate "2023.10.10"]
[SourceQuality "1"]

1. d4 Nf6 2. c4 e5 3. dxe5 Ng4 4. Nf3 Nc6 5. e3 Ngxe5 6. Nd4 Bc5 7. Be2 d6 8. a3 Qf6 9. Nxc6 Nxc6 10. Nc3 Be6 11. Bd2 Qg6 12. g3 Ne5 13. Nd5 Bxd5 14. cxd5 Qe4 15. 0-0 h5 16. Qb3 0-0-0 17. Rac1 h4 18. f3 Qg6 19. g4 h3 20. Qc2 Rde8 21. Qxg6 Nxg6 22. Kf2 Nf4 23. Rxc5 dxc5 24. exf4 Rd8 25. Bc3 Rxd5 26. Bxg7 Re8 27. Bc3 c6 28. Bc4 Rd7 29. Re1 Rxe1 30. Bxe1 b5 31. Bb3 Kc7 32. f5 Kb6 33. g5 a5 34. f6 c4 35. Bc2 Kc5 36. Bxa5 Kd5 37. Be4+ Ke5 38. Bxc6 Ra7 39. Bd2 Kf5 40. Be4+ Ke6 41. f4 Rd7 42. Ke3 Rc7 43. f5+ Kd7 44. g6 fxg6 45. fxg6 Ke6 46. Bc3 Rc8 47. Kf4 b4 48. Bf5+ 1-0

[Event "Pan American-ch Hybrid U16 31st"]
[Site "Tornelo INT"]
[Date "2021.09.04"]
[Round "9"]
[White "Melendez, Manuel A"]
[Black "Montevilla Cahuasa, Elias Alejandro"]
[Result "1-0"]
[WhiteElo "1862"]
[BlackElo "1355"]
[PlyCount "63"]
[EventDate "2021.09.04"]
[EventType "swiss"]
[EventRounds "9"]
[EventCountry "NET"]
[SourceTitle "EXT 2023"]
[Source "ChessBase"]
[SourceDate "2022.10.05"]
[SourceVersion "1"]
[SourceVersionDate "2022.10.05"]
[SourceQuality "1"]

1. e4 c5 2. Nc3 Nc6 3. g3 g6 4. Bg2 Bg7 5. d3 d6 6. Be3 e6 7. Qd2 Nf6 8. h3 Rb8 9. f4 Nd4 10. Nge2 Nd7 11. 0-0 0-0 12. Rab1 b5 13. b4 a5 14. a3 Ba6 15. Nd1 Nxe2+ 16. Qxe2 cxb4 17. axb4 axb4 18. Rxb4 Qa5 19. Qd2 Rfc8 20. d4 Nb6 21. c3 Na4 22. Rb3 Qc7 23. Re1 e5 24. Bf1 Qe7 25. Bf2 Qe8 26. Qa2 Ra8 27. Qb1 Rcb8 28. Ne3 exd4 29. cxd4 Bxd4 30. Nd5 Bxf2+ 31. Kxf2 Qc6 32. Ne7+ 1-0

[Event "Pan American-ch Hybrid U16 31st"]
[Site "Tornelo INT"]
[Date "2021.09.04"]
[Round "1"]
[White "Varillas Jimenes, Ivan"]
[Black "Montevilla Cahuasa, Elias Alejandro"]
[Result "1-0"]
[WhiteElo "2028"]
[BlackElo "1355"]
[PlyCount "63"]
[EventDate "2021.09.04"]
[EventType "swiss"]
[EventRounds "9"]
[EventCountry "NET"]
[SourceTitle "EXT 2023"]
[Source "ChessBase"]
[SourceDate "2022.10.05"]
[SourceVersion "1"]
[SourceVersionDate "2022.10.05"]
[SourceQuality "1"]

1. c4 c5 2. Nc3 Nc6 3. g3 d6 4. Bg2 Nf6 5. d3 g6 6. e4 Nd4 7. h3 Bg7 8. Nge2 Bd7 9. Be3 e5 10. f4 Rb8 11. 0-0 0-0 12. Rb1 b5 13. cxb5 Bxb5 14. Nxb5 Rxb5 15. Nc3 Rb4 16. f5 Qb6 17. b3 Qa5 18. g4 h6 19. h4 h5 20. Bh3 gxf5 21. gxf5 Kh7 22. Bg5 Rg8 23. Kh1 Rh8 24. Rg1 Ng4 25. Bxg4 hxg4 26. Qxg4 f6 27. Bxf6 Rb7 28. Qh5+ Kg8 29. Qe8+ Kh7 30. Qg6+ Kg8 31. Rg4 Rh7 32. Qe8# 1-0

[Event "La Paz Tricolor op"]
[Site "La Paz"]
[Date "2021.08.06"]
[Round "1"]
[White "Montevilla Cahuasa, Elias Alejandro"]
[Black "Medrano, Mario"]
[Result "0-1"]
[WhiteElo "1361"]
[BlackElo "2019"]
[PlyCount "108"]
[EventDate "2021.08.06"]
[EventType "swiss"]
[EventRounds "6"]
[EventCountry "BOL"]
[SourceTitle "EXT 2022"]
[Source "ChessBase"]
[SourceDate "2021.10.06"]
[SourceVersion "1"]
[SourceVersionDate "2021.10.06"]
[SourceQuality "1"]

1. d4 e6 2. Bf4 d5 3. Nc3 Nf6 4. e3 Bb4 5. Bd3 0-0 6. Nf3 b6 7. Ne5 Bb7 8. a3 Bxc3+ 9. bxc3 c5 10. f3 Nh5 11. Bg3 c4 12. f4 cxd3 13. Qxh5 dxc2 14. Qe2 f6 15. Nd3 Ba6 16. Qxc2 Bxd3 17. Qxd3 f5 18. h4 Nc6 19. c4 Na5 20. cxd5 Qxd5 21. Kf2 Nb3 22. Rab1 Nc5 23. Qb5 Ne4+ 24. Kf3 Nd2+ 25. Kf2 Nxb1 26. Qxd5 exd5 27. Rxb1 Rac8 28. Rb5 Rc2+ 29. Kf3 Rd8 30. Be1 Rd6 31. Bb4 a6 32. Bxd6 axb5 33. g4 g6 34. g5 Kf7 35. Bb4 Rc1 36. Kg2 Ra1 37. Kf3 Rh1 38. Kg3 Ke6 39. Bf8 Kd7 40. Bb4 Kc6 41. Bf8 b4 42. Bxb4 Kb5 43. Kf3 Kc4 44. Bd6 b5 45. Kg2 Rxh4 46. Bb4 Kd3 47. Be1 Rh5 48. Bf2 Ke4 49. Bg1 h6 50. gxh6 Rxh6 51. Kf2 Kd3 52. Kg2 Ke2 53. Kg3 Rh1 54. Kg2 Rxg1+ 0-1

[Event "Pan American-ch U20"]
[Site "Cochabamba"]
[Date "2019.08.01"]
[Round "1"]
[White "Montevilla Cahuasa, Elias Alejandro"]
[Black "Benitez Galeano, Alejandro"]
[Result "0-1"]
[WhiteElo "1326"]
[BlackElo "2111"]
[PlyCount "61"]
[EventDate "2019.08.01"]
[EventType "swiss"]
[EventRounds "9"]
[EventCountry "BOL"]
[SourceTitle "EXT 2020"]
[Source "ChessBase"]
[SourceDate "2019.10.17"]
[SourceVersion "1"]
[SourceVersionDate "2019.10.17"]
[SourceQuality "1"]

1. e4 c5 2. Nc3 g6 3. d3 Nc6 4. g3 Rb8 5. Bg2 Bg7 6. Be3 Nd4 7. Qd2 b5 8. f4 e6 9. Nf3 Ne7 10. 0-0 d6 11. Rae1 0-0 12. Nd1 b4 13. c3 Nxf3+ 14. Bxf3 Qa5 15. d4 bxc3 16. bxc3 cxd4 17. Bxd4 e5 18. Be3 Rd8 19. g4 d5 20. Qf2 d4 21. cxd4 exf4 22. Bxf4 Bxd4 23. Be3 Nc6 24. e5 Bxe3 25. Rxe3 Rd7 26. Qg3 Rb4 27. Nf2 Qc5 28. Bg2 Nd4 29. Rfe1 Rbb7 30. Rc3 Qf8 31. Qh4 0-1